Geography Quiz

Random Geography or World Quiz

One Country per Time Zone Quiz Stats

 Plays Quiz Updated Jul 2, 2018

Challenge
Share
Tweet
Score 0/52 Timer 07:00
19 Plays Today
% Correct
Iceland
98.7%
Albania
98.6%
Botswana
96.5%
Bulgaria
96.2%
Algeria
94.8%
Bahrain
94.2%
Comoros
94.2%
Burkina Faso
93.8%
India
93.1%
Russia
92.6%
Russia
92.4%
Australia
92.3%
Russia
91.5%
Russia
89%
Russia
88.6%
Russia
88.3%
Australia
88.1%
Russia
87.9%
Australia
87.6%
Russia
87.2%
Syria
85.8%
Russia
85.6%
Russia
85.2%
Canada
85.2%
Canada
85%
Iran
85%
% Correct
Canada
84.9%
United States
84.5%
Canada
83.1%
North Korea
82.5%
New Zealand
81.4%
Nepal
80.9%
Kazakhstan
80.2%
Colombia
79.7%
Papua New Guinea
78.3%
Canada
77.4%
Bolivia
75.9%
United States
75.7%
Suriname
75.6%
Afghanistan
75%
Marshall Islands
74.8%
Brazil
73.7%
Antigua and Barbuda
72.1%
Seychelles
71.8%
Myanmar
70.5%
Venezuela
68.3%
Ecuador
63%
Solomon Islands
59.4%
Kiribati
56%
Cabo Verde
49.9%
Palau
44.7%
Kiribati
35.6%

You're not logged in!

Compare scores with friends on all Sporcle quizzes.
Join for Free
OR
Log In

You Might Also Like...

Show Comments

Extras

Top Quizzes Today


Score Distribution

Your Account Isn't Verified!

In order to create a playlist on Sporcle, you need to verify the email address you used during registration. Go to your Sporcle Settings to finish the process.

Report this User

Report this user for behavior that violates our Community Guidelines.

Details: